| 000 | 01313nam0a2200361 i 4500 | ||
|---|---|---|---|
| 001 | RU\NLR\bibl\2044632 | ||
| 005 | 20241103063128.0 | ||
| 010 |
_a9785222211953 _93000 |
||
| 021 |
_aRU _b2013-39899 _92742 |
||
| 035 | _a(nilc)RuMoRGB-006583071 | ||
| 035 | _a(NLR Aleph) 002031851 | ||
| 090 |
_a4554259 _c4554259 |
||
| 100 | _a20130527d2013 u y0rusy50 ca | ||
| 101 | 0 | _arus | |
| 102 | _aRU | ||
| 105 | _aa ||||||||| | ||
| 200 | 1 |
_aВосточная медицина _eлечение детей с отставанием в развитии _fСофья Стурчак |
|
| 210 |
_aРостов-на-Дону _cФеникс _d2013 |
||
| 215 |
_a267 с. _cил. _d18 |
||
| 225 | 1 | _aСерия "Медицина для вас" | |
| 320 | _aБиблиогр.: с. 265-267 | ||
| 333 | _a12+ | ||
| 517 | 0 | _aЛечение детей с отставанием в развитии | |
| 606 |
_aДети _xБолезни _xТерапия методами восточной медицины _92151473 _3RU\NLR\auth\661600355 |
||
| 686 | _aР733-5 | ||
| 700 | 1 |
_aСтурчак _bС. _gСофья _4070 |
|
| 801 | 0 |
_aRU _bRuMoRKP _c20130527 _gRCR |
|
| 801 | 2 |
_aRU _bРГБ _c20130529 |
|
| 801 | 1 |
_aRU _bRuMoRKP _c20130527 _2rusmarc |
|
| 801 | 2 |
_aRU _bNLR _c20130618 _grcr |
|
| 942 | _cBOOK | ||
| 980 | _aNBR | ||